000 00640nam a2200205Ia 4500
008 240729s9999 xx 000 0 und d
022 _a2667-2596
245 0 _aSustainability Analytics and Modeling
260 _aUnited Kingdom
260 _bElsevier
650 _a Applied mathematics. Quantitative methods
650 _a Industrial engineering. Management engineering
650 _a Mathematics
650 _a Probabilities. Mathematical statistics | Technology
650 _a Technology (General)
650 _aScience
856 _uhttps://doaj.org/toc/0771eefc8e144548ad478127e1119105
942 _2ddc
942 _cDOAJEJ
999 _c69576
_d69576
945 _a1
_bMadushi Gamage
_c1
_dMadushi Gamage